English grammar and exercises; T1

Gespeichert in:
Bibliographische Detailangaben
1. Verfasser: L R. H Chapman
Format: Buch
Sprache:Undetermined
Veröffentlicht: London Longman 1978
Schlagworte:
Tags: Tag hinzufügen
Keine Tags, Fügen Sie den ersten Tag hinzu!
Thư viện lưu trữ: Trung tâm Học liệu Trường Đại học Cần Thơ
LEADER 00546nam a2200193Ia 4500
001 CTU_28801
008 210402s9999 xx 000 0 und d
020 |b Sai ISBN ;14.500đ 
082 |a 425.076 
082 |b C488/T1 
100 |a L R. H Chapman 
245 0 |a English grammar and exercises; T1 
245 0 |c L R. H Chapman 
260 |a London 
260 |b Longman 
260 |c 1978 
650 |a english language - grammar - problems, exercises, etc 
904 |i Minh, 990305 
980 |a Trung tâm Học liệu Trường Đại học Cần Thơ